LIBRARY & INFORMATION CENTRE, KCAET, TAVANUR

ONLINE PUBLIC ACCESS CATALOGUE (OPAC)

Electrical engineering materials / (Record no. 1937)

MARC details
000 -LEADER
fixed length control field 00414cam a2200169ua 4500
003 - CONTROL NUMBER IDENTIFIER
control field OSt
008 - FIXED-LENGTH DATA ELEMENTS--GENERAL INFORMATION
fixed length control field 250130b |||||||| |||| 00| 0 eng d
020 ## - INTERNATIONAL STANDARD BOOK NUMBER
ISBN 0-87692-080-6
041 ## - LANGUAGE CODE
Language code of text/sound track or separate title eng
082 ## - DEWEY DECIMAL CLASSIFICATION NUMBER
Classification number 621.3028
Item number DEK/EL
100 ## - MAIN ENTRY--AUTHOR NAME
Personal name Dekker, Adrianer.J .
245 ## - TITLE STATEMENT
Title Electrical engineering materials /
250 ## - EDITION STATEMENT
Edition statement 1 /
260 ## - PUBLICATION, DISTRIBUTION, ETC. (IMPRINT)
Place of publication :
Name of publisher Prentice Hall Inc ,
Year of publication 1967.
300 ## - PHYSICAL DESCRIPTION
Number of Pages 208 ; .
942 ## - ADDED ENTRY ELEMENTS (KOHA)
Koha item type Books
Holdings
Withdrawn status Lost status Damaged status Home library Current library Date acquired Full call number Accession Number Koha item type
      KAUAET KAUAET 07/04/2012 621.3028 DEK/EL 12338 Books
Withdrawn     KAUAET KAUAET 07/04/2012 621.3028 DEK/EL 7957 Books
      KAUAET KAUAET 07/04/2012 621.3028 DEK/EL 18722 Books
      KAUAET KAUAET 07/04/2012 621.3028 DEK/EL 18723 Books
free website counter